Sam and the bag / (Record no. 8306)

MARC details
000 -LEADER
fixed length control field 00899nam a22003017a 4500
001 - CONTROL NUMBER
control field 8306
003 - CONTROL NUMBER IDENTIFIER
control field FISKH
005 - DATE AND TIME OF LATEST TRANSACTION
control field 20250908154209.0
008 - FIXED-LENGTH DATA ELEMENTS--GENERAL INFORMATION
fixed length control field 250908b cb ||||| |||| 00| 0 eng d
020 ## - INTERNATIONAL STANDARD BOOK NUMBER
International Standard Book Number 9780152051518
040 ## - CATALOGING SOURCE
Original cataloging agency FISKH
Language of cataloging eng
Transcribing agency FISKH
Modifying agency FISKH
050 ## - LIBRARY OF CONGRESS CALL NUMBER
Classification number PZ7.J3665 S
082 ## - DEWEY DECIMAL CLASSIFICATION NUMBER
Classification number 487
100 ## - MAIN ENTRY--PERSONAL NAME
Personal name Jeffries, Alison
245 ## - TITLE STATEMENT
Title Sam and the bag /
Statement of responsibility, etc. Alison Jeffries ; Illustrated by Dan Andreasen
250 ## - EDITION STATEMENT
Edition statement This edition first published in 2004
260 ## - PUBLICATION, DISTRIBUTION, ETC.
Place of publication, distribution, etc. New York :
Name of publisher, distributor, etc. Greenlight,
Date of publication, distribution, etc. 2003
300 ## - PHYSICAL DESCRIPTION
Extent 18 unnumbered pages :
Other physical details color illustrations ;
Dimensions 22 cm
505 ## - FORMATTED CONTENTS NOTE
Formatted contents note C<br/>
520 ## - SUMMARY, ETC.
Summary, etc. Sam the cat joins his friends Hap and Max in playing with a bag.<br/>
521 8# - TARGET AUDIENCE NOTE
Target audience note 80<br/>
Source Lexile<br/>
521 8# - TARGET AUDIENCE NOTE
Target audience note C<br/>
Source Raz-Plus<br/>
650 ## - SUBJECT ADDED ENTRY--TOPICAL TERM
Source of heading or term American
Topical term or geographic name entry element Pets
650 ## - SUBJECT ADDED ENTRY--TOPICAL TERM
Source of heading or term Literature
Topical term or geographic name entry element Preschool
700 ## - ADDED ENTRY--PERSONAL NAME
Personal name Andreasen, Dan
Dates associated with a name illustrator
942 ## - ADDED ENTRY ELEMENTS (KOHA)
Source of classification or shelving scheme Dewey Decimal Classification
Koha item type Books
Suppress in OPAC No
Holdings
Withdrawn status Lost status Source of classification or shelving scheme Damaged status Not for loan Collection Home library Current library Shelving location Date acquired Total Checkouts Full call number Barcode Date last seen Date last checked out Copy number Price effective from Koha item type
    Dewey Decimal Classification     Juvenile Fiction Footprints International School Library Network Toul Tom Poung Campus Footprints International School Library Network Toul Tom Poung Campus TTP Primary Green Bookshelves 09/08/2025 1 JEF 487 PZ7.J3665 S FIS03124 03/05/2026 02/26/2026 1 09/08/2025 Books